000 02796nam a22005297a 4500
001 871067936
003 OCoLC
005 20210419121954.0
006 m o d
007 cr cnu---unuuu
008 140227s2014 pau obf 001 0 eng d
020 _a9781455753598
020 _z1455753599
035 _a(OCoLC)871067936
040 _aOPELS
_beng
_erda
_epn
_cOPELS
_dOPELS
041 _aeng
049 _aYYEA
_aVZYM
080 _a616.6
_bP-41
096 _aINTERNET LINK
100 _9286
_aHanno, M. Philip
245 0 0 _aPenn clinical manual of urology
_h[electronic resource] /
_c[editied by] Philip M. Hanno, Thomas J. Guzzo, S. Bruce Malkowicz, Alan J. Wein.
246 3 _aClinical manual of urology.
250 _a2nd ed.
260 _aPhiladelphia, PA :
_bSaunders/Elsevier,
_c[2014]
300 _a1 online resource (pages) 937 p.
365 _b50.74 usd
500 _aEINSTEIN & MMC: available online via Clinical Key. See Reference staff for assistance.
504 _aIncludes bibliographical references and index.
520 _aConcise and practical, the Penn Clinical Manual of Urology is an indispensable guide to the daily practice of urology. This one-volume medical reference book presents the key clinical information you need to diagnose and treat urologic disorders quickly and effectively, featuring brief, well-illustrated chapters and an easy-to-read format. Essential for clinical questions and answers, the Penn Clinical Manual of Urology deserves a place on the bookshelf of not only every urologist, but every provider treating urologic problems. Find information quickly and easily with a format that includes clearly presented algorithms, tables, and figures. Effectively review for the boards using the self-assessment questions at the end of each chapter.
588 _aDescription based on print version record.
650 1 2 _aFemale Urogenital Diseases.
650 1 2 _aMale Urogenital Diseases.
650 2 2 _aUrology
_xmethods.
650 2 0 _aMedicine
_969
653 _aუროლოგია
653 _aმედიცინა
655 7 _aElectronic books.
700 1 _aHanno, Philip M.
700 1 _aGuzzo, Thomas J.
700 1 _aMalkowicz, S. Bruce.
700 1 _aWein, Alan J.
710 2 _aClinical Key (Online Service)
776 0 8 _iPrint version:
_tPenn clinical manual of urology.
_bSecond edition
_z9781455753598
_w(DLC) 2013037152
_w(OCoLC)858610934.
856 4 0 _3ClinicalKey
_uhttps://elibrary.einsteinmed.org/login?URL=https://www.clinicalkey.com/dura/browse/bookChapter/3-s2.0-C20110697686
_zEINSTEIN: Clinical Key ebook collection
856 4 0 _3ClinicalKey
_uhttps://www.clinicalkey.com/dura/browse/bookChapter/3-s2.0-C20110697686
_zEINSTEIN: Clinical Key ebook collection
942 _2udc
_cBK
_e2
999 _c393
_d393